000 01006nam a2200241 i 4500
001 bg
245 0 0 _aSposoby wdrażania dyrektyw opartych na Nowym Podejściu oraz Globalnym Podejściu :
_bprzewodnik.
246 _iTyt. oryg.:
_aGuide to the implementation of the directives based on the New Approach
260 _aWarszawa :
_bUrząd Komitetu Integracji Europejskiej,
_c2001.
300 _a188 s. ;
_c24 cm.
490 1 _aPrawo Unii Europejskiej na co Dzień. Przedsiębiorca w Unii Europejskiej
500 _aTyt. oryg.: "Guide to the implementation of the directives based on the New Approach". Numeracja serii gł.: 3.
650 9 _aHarmonizacja prawa
650 9 _aCertyfikacja zgodności
_xUnia Europejska
830 0 _aPrawo Unii Europejskiej na co Dzień.
_pPrzedsiębiorca w Unii Europejskiej
020 _a8387913898
040 _cBPK
041 1 _apol
_heng
080 _a346.54:658.56](4-67)
920 _a83-87913-89-8
942 _cKS
008 s pl f |000 0 pol
999 _c42604
_d42604
856 _uhttp://koha.tu.koszalin.pl/cgi-bin/koha/opac-detail.pl?biblionumber=42604
_yKatalog online BPK